000 00588nam a2200205Ia 4500
005 20250923145657.0
008 008 250917s9999 xx 000 0 eng d
037 _aTextual
040 _aDSWL
_beng
_cDSWL
041 _aeng
_2eng
084 _aX8(J).1(Y:434), N83
_qDSWL
100 _aHwa, E.C.
_9837835
245 4 _aThe contribution of agriculture to economic growth
_c by E.C.Hwa
260 _aWashington
_bWorld Bank
_c1983
300 _a23 p.
365 _aUSD
_b3
925 _g3
942 _cTEXL
_hX8(J).1(Y:434), N83
999 _c1454241
_d1454241